000 01517cam a22004094i 4500
003 PE-LiUPU
005 20250731173229.0
008 150625s r 000 0 d
035 _a(Sirsi) a34451
040 _aPE-LiUPU
_bspa
_cPE-LiUPU
_erda
082 0 4 _a261.1
_bG96
_221
100 1 _aGutiérrez, Gustavo,
_d1928- ,
_eautor.
245 1 0 _aBeber en su propio pozo :
_ben el itinerario espiritual de un pueblo /
_cGustavo Gutierrez.
264 1 _a
336 _atext
_2rdacontent
337 _aunmediated
_2rdamedia
338 _avolume
_2rdacarrier
526 _aSEG42
526 _aSEG41
526 _aSEG40
526 _aSEG39
526 _aP94
526 _aP87
526 _aP86
526 _aP85
526 _aP77
526 _aP76
526 _aP35
942 _2ddc
_cBOOK
949 _a261.1 G96
_wDEWEY
_c1
_i38934
_lCCODEBUL1
_mBUL
_p00.00
_r0
_sY
_tBOOK
_u2015-06-25
_xBIBLIOTECA
_PP35
_0COMPRA
_o.STAFF. Colección General
949 _a261.1 G96
_wDEWEY
_c2
_i22498
_lCCODEBUL1
_mBUL
_p00.00
_r0
_sY
_tBOOK
_u2015-06-25
_xTEOLOGIA
_zUNKNOWN
_0COMPRA
_o.STAFF. Colección General
596 _a1
999 _a261.1 G96
_wDEWEY
_c42309
_i38934
_f2021-11-12
_g5
_lCCODEBUL1
_mBUL
_r0
_sY
_tBOOK
_u2015-6-25
_xTEOLOGIA
_PP35
_0COMPRA
_o.STAFF. Colección General
_d42309
999 _a261.1 G96
_wDEWEY
_c2
_i22498
_f2021-11-12
_g5
_lCCODEBUL1
_mBUL
_r0
_sY
_tBOOK
_u2015-6-25
_xTEOLOGIA
_PP35
_0COMPRA
_o.STAFF. Colección Teología
980 _81
_gALBERTO SANCHEZ Responsable de Automatización